[Event "Sonnevanck"]
[Site "Wijk aan Zee"]
[Date "1995.??.??"]
[Round "8"]
[White "Delemarre, Jop"]
[Black "Wells, Peter K"]
[Result "1/2-1/2"]
[WhiteElo "2235"]
[BlackElo "2530"]

1.d4 Nf6 2.c4 e6 3.Nf3 b6 4.a3 Ba6 5.Qc2 Bb7 6.Nc3 c5 7.dxc5 bxc5 8.Bf4 Bxf3
9.gxf3 Nc6 10.e3 Nh5 11.Bg3 Nxg3 12.hxg3 Rb8 13.Rd1 g6 14.Rd2 Bg7 15.Be2 Qa5
16.Na4 Ne7 17.O-O Nc8 18.Rb1 d6 19.Rd3 O-O 20.Nc3 Rd8 21.Ne4 Kf8 22.g4 Ke7
23.g5 Rd7 24.b4 cxb4 25.Rdb3 Rc7 26.Rxb4 Rxb4 27.axb4 Qf5 28.Rd1 d5 29.Qd2 Nd6
30.Ng3 Qxg5 31.f4 Qf6 32.cxd5 Qc3 33.Qa2 Qxb4 34.dxe6 fxe6 35.Bg4 Nf5 36.Bxf5 gxf5
37.Rb1 Qc5 38.Qa4 Qd5 39.Rd1 Qc6 40.Qb4+ Kf7 41.Qb8 Rd7 42.Rxd7+ Qxd7 43.Qb3 Kg6
44.Qa2 Bf6 45.Qe2 a5 46.e4 a4 47.exf5+ exf5 48.Qh5+ Kg7 49.Nxf5+ Kh8 50.Ne3 a3
51.Qa5 Bb2 52.f5 Qc8 53.Qb4 Qg8+ 54.Kf1 Qa8 55.Qb3 Bg7 56.Qa2 h5 57.f6 Bxf6
58.Qf7 Qa6+ 59.Kg1 a2 60.Qe8+ Kh7 61.Qxh5+ Kg7 62.Qg4+ Kf7 63.Qh5+ Kf8 64.Qh6+ Ke8
65.Qg6+ Kd7 66.Qf7+ Be7 67.Qd5+ Kc7 68.Qe5+ Bd6 69.Qc3+ Kb8 70.Qb3+  1/2-1/2

[Event "Hoogovens op"]
[Site "Wijk aan Zee"]
[Date "1995.??.??"]
[Round "11"]
[White "Delemarre, Jop"]
[Black "Van Wely, Loek"]
[Result "0-1"]
[WhiteElo "2235"]
[BlackElo "2575"]

1.d4 Nf6 2.c4 e6 3.Nf3 b6 4.a3 Bb7 5.Nc3 d5 6.Bg5 Be7 7.Qa4+ c6 8.Bxf6 Bxf6
9.cxd5 exd5 10.g3 O-O 11.Bg2 c5 12.Rd1 Qe7 13.O-O Rd8 14.e3 Nd7 15.Qb3 c4
16.Qc2 Nf8 17.Rfe1 Ne6 18.h4 Rac8 19.Bh3 h6 20.Nh2 Kh8 21.Qe2 Qe8 22.Qf3 Rc7
23.Bf5 Be7 24.Bc2 b5 25.Qh5 Bf8 26.f4 Re7 27.Kf2 Nc7 28.f5 a5 29.Qf3 b4 30.axb4 axb4
31.Ne2 Qc6 32.Ng4 Ne8 33.Ne5 Qd6 34.g4 Rxe5 35.dxe5 Qxe5 36.Nd4 b3 37.Bb1 Qh2+
38.Qg2 Qxh4+ 39.Qg3 Qxg3+ 40.Kxg3 Nf6 41.Kf3 Bd6 42.Rg1 Nh7 43.Ke2 Be5 44.Rd2 Re8
45.Re1 Nf6 46.Kf3 Nd7 47.Rg1 Bf6 48.Re1 Bh4 49.Rg1 Ne5+ 50.Kg2 Bg5 51.Kf2 Nxg4+
52.Rxg4 Bxe3+ 53.Ke1 Bxd4+ 54.Kd1 Bf6  0-1

[Event "Hoogovens op"]
[Site "Wijk aan Zee"]
[Date "1995.??.??"]
[Round "12"]
[White "Van Wely, Loek"]
[Black "Winants, Luc"]
[Result "1/2-1/2"]
[WhiteElo "2575"]
[BlackElo "2500"]

1.d4 Nf6 2.c4 e6 3.Nf3 b6 4.a3 Bb7 5.Nc3 d5 6.Bg5 Be7 7.Qa4+ c6 8.Bxf6 Bxf6
9.cxd5 exd5 10.g3 O-O 11.Bg2 Na6 12.O-O Nc7 13.b4 a5 14.Qb3 axb4 15.axb4 Ba6
16.Rfd1 Bc4 17.Qb2 Rxa1 18.Rxa1 Ne6  1/2-1/2

[Event "Wrexham"]
[Site "Wrexham"]
[Date "1995.??.??"]
[Round "8"]
[White "Engqvist, Thomas"]
[Black "Csom, Istvan"]
[Result "1/2-1/2"]
[WhiteElo "2405"]
[BlackElo "2445"]

1.d4 Nf6 2.Nf3 e6 3.c4 b6 4.a3 c5 5.d5 Ba6 6.Qc2 exd5 7.cxd5 Bb7 8.e4 Qe7
9.Bd3 Nxd5 10.O-O Nc7 11.Nc3 Ne6 12.Bc4 Nc6 13.Rd1 Qd8 14.Be3 Be7 15.Rd2 O-O
16.Rad1 Qc8 17.Nd5 Bd8 18.Ba2 d6 19.Nc3 Ne5 20.Rxd6 Nxf3+ 21.gxf3 Bc7 22.Nb5 Bxd6
23.Nxd6 Qc7 24.Nxb7 Qxb7 25.Bd5 Qe7 26.Bxa8 Rxa8 27.Rd5 Qf6 28.Kg2 Qg6+ 29.Kh1 Qf6
30.Kg2 Qg6+ 31.Kh1 Qf6 32.Kg2  1/2-1/2

[Event "Yalta op"]
[Site "Yalta"]
[Date "1995.??.??"]
[Round "?"]
[White "Krivoshey, Sergei"]
[Black "Mikhaletz, Lubomir"]
[Result "1/2-1/2"]
[WhiteElo "2420"]
[BlackElo "2355"]

1.d4 Nf6 2.Nf3 e6 3.c4 b6 4.a3 Bb7 5.Nc3 d5 6.Bg5 Be7 7.e3 O-O 8.Bd3 dxc4
9.Bxc4 c5 10.O-O cxd4 11.exd4 Nc6 12.Ba2 Nd5 13.Bd2 Nxc3 14.Bxc3 Bf6 15.Ne5 Ne7
16.Qg4 Bd5 17.Bb1 g6 18.Re1 Nf5 19.Bxf5 exf5 20.Qg3 Qc8 21.Nd3 Qb7 22.Nf4 Bg7
23.Qg5 Rfe8 24.h4 Qd7 25.Re5 Rxe5 26.dxe5 Be6 27.Qg3 Re8 28.h5 Qc7 29.Re1 Bc4
30.e6 Bxc3 31.exf7+ Bxf7 32.Rxe8+ Bxe8 33.bxc3 Qe5 34.Kh2 Qg7 35.Qe3 Bf7
36.hxg6 hxg6 37.Nh3 Qf6 38.f4 Qd6 39.Ng5 Qxa3 40.Qh3 Qb3 41.Qh7+ Kf8 42.Qh8+ Ke7
43.Qe5+ Kd7 44.Qb8 Bd5 45.Qxa7+ Kc6 46.Qg7 Qc2 47.Qxg6+ Kb5 48.Ne6 Kc4 49.Nd4 Qf2
50.Qg5 Bxg2 51.Qxg2 Qxf4+  1/2-1/2

[Event "ARM-ch"]
[Site "Yerevan"]
[Date "1995.??.??"]
[Round "8"]
[White "Lputian, Smbat G"]
[Black "Anastasian, Ashot"]
[Result "1-0"]
[WhiteElo "2585"]
[BlackElo "2520"]

1.d4 Nf6 2.c4 e6 3.Nf3 b6 4.a3 Bb7 5.Nc3 d5 6.Bg5 Be7 7.Qa4+ Qd7 8.Qxd7+ Nbxd7
9.Nb5 Kd8 10.cxd5 Nxd5 11.e4 N5f6 12.Bf4 Bxe4 13.Bxc7+ Ke8 14.Be2 a6 15.Nd6+ Bxd6
16.Bxd6 Bd5 17.Nd2 Nb8 18.Bxb8 Rxb8 19.Rc1 b5 20.Nf3 Ke7 21.Rc7+ Nd7 22.Kd2 f6
23.Rhc1 Rb7 24.Ne1 Rxc7 25.Rxc7 Ra8 26.Nd3 Kd6 27.Rc1 Nb6 28.Nc5 g5 29.f3 Nc4+
30.Bxc4 bxc4 31.Ne4+ Ke7 32.b3 Bxe4 33.fxe4 cxb3 34.Rc7+ Kd6 35.Rb7 e5 36.d5 f5
37.Kd3 Rf8 38.Rb6+ Kc5 39.Rxb3 fxe4+ 40.Kxe4 Rf2 41.Rc3+ Kd6 42.Rc6+ Kd7
43.Rh6 Re2+ 44.Kf3 Rd2 45.Rxh7+ Kd6 46.Rg7 Rd3+ 47.Ke4 Rd4+ 48.Kf5 e4 49.Rg8 e3
50.Re8 Rxd5+ 51.Kf6 Rd2 52.g4 Rxh2 53.Rxe3 Rh8 54.Rd3+  1-0

[Event "Zalakaros op"]
[Site "Zalakaros"]
[Date "1995.??.??"]
[Round "3"]
[White "Csiszar, Csaba"]
[Black "Tolnai, Tibor"]
[Result "0-1"]
[WhiteElo "2380"]
[BlackElo "2470"]

1.d4 Nf6 2.c4 e6 3.Nf3 b6 4.a3 Bb7 5.Nc3 d5 6.Bg5 Be7 7.e3 Nbd7 8.Rc1 O-O
9.Bd3 h6 10.Bf4 Nh5 11.Bg3 Nxg3 12.hxg3 dxc4 13.Bxc4 Nf6 14.Qc2 c5 15.Rd1 Qc8
16.d5 exd5 17.Nxd5 Nxd5 18.Rxd5 Bxd5 19.Bxd5 Rd8 20.Rxh6 Bf6 21.Rh5 Rb8 22.Qg6 Rxd5
23.Qh7+ Kf8 24.Rxd5 Qb7 25.Qd3 g6 26.b3 Kg7 27.g4 Bb2 28.a4 Rh8 29.Ke2 Qe7
30.Rd7 Qe6 31.g5 c4 32.bxc4 Rc8 33.Rd5 Qc6 34.Qd2 Qxc4+ 35.Qd3 Qxa4  0-1

[Event "Zalakaros op"]
[Site "Zalakaros"]
[Date "1995.??.??"]
[Round "3"]
[White "Petran, Pal"]
[Black "Zsinka, Laszlo"]
[Result "1-0"]
[WhiteElo "2470"]
[BlackElo "2355"]

1.d4 Nf6 2.c4 e6 3.Nf3 b6 4.a3 Bb7 5.Nc3 g6 6.Bg5 h6 7.Bh4 Bg7 8.Qc2 Bxf3
9.gxf3 Nc6 10.e3 Ne7 11.O-O-O Nf5 12.Bg3 Nxg3 13.hxg3 O-O 14.e4 Qe7 15.e5 Nh7
16.f4 d6 17.Bg2 Rad8 18.Rhe1 c5 19.d5 dxe5 20.fxe5 exd5 21.Bxd5 Ng5 22.f4 Ne6
23.Nb5 a6 24.Nd6 Kh8 25.Bxe6 Qxe6 26.Rd5 Rb8 27.Re3 h5 28.Kb1 Qg4 29.Qe2 Qh3
30.Ka2 Bh6 31.e6 fxe6 32.Rxe6 Kh7 33.Re7+  1-0

[Event "Zalakaros op"]
[Site "Zalakaros"]
[Date "1995.??.??"]
[Round "5"]
[White "Zimmerman, Yuri"]
[Black "Czebe, Attila"]
[Result "1/2-1/2"]
[WhiteElo "2335"]
[BlackElo "2430"]

1.d4 Nf6 2.c4 e6 3.Nf3 b6 4.a3 Bb7 5.Nc3 d5 6.Bg5 Be7 7.Bxf6 Bxf6 8.cxd5 exd5
9.Qb3 O-O 10.Rd1 Re8 11.g3 Na6 12.Bg2 c5 13.O-O Qd7 14.dxc5 Nxc5 15.Nxd5 Bxd5
16.Rxd5 Qe6 17.Qd1 Rac8 18.Nd4 Bxd4 19.Rxd4 Qxe2 20.b4 Qxd1 21.Rfxd1 Ne6
22.Rd7 Red8 23.Bh3 Rxd7 24.Rxd7 a5 25.Rb7 Rc6 26.Rb8+ Nf8 27.b5 Rd6 28.Bf5 Rd5
29.Bxh7+ Kxh7 30.Rxf8 f6 31.a4 Rd4 32.Rb8 Rxa4 33.Rxb6 Rb4 34.Rb7 a4 35.h4 a3
36.Ra7 Rxb5 37.Rxa3 Kg6 38.Ra7 Rc5 39.Kg2 Rb5 40.g4 Rc5 41.Kg3 Rb5 42.Rd7 Ra5
43.f3 Rb5 44.h5+ Kh7 45.Kf4 Ra5 46.Ke4 Re5+ 47.Kf4 Ra5 48.Kg3 Rb5 49.Kf2 Ra5
50.Rd3 Rb5 51.f4 Ra5 52.Ke3 Rb5 53.Ke4 Ra5 54.Rd5 Ra1 55.Kf5 Ra2 56.Rd8 Ra1
57.Rd7 Ra5+ 58.Ke6 Ra1 59.Rd5 Ra6+ 60.Kf5 Ra1 61.Rb5 Rf1 62.Rb8 Ra1 63.Rb5 Rf1
64.Ra5 Rf2 65.Ra8 Rh2 66.Ra5 Rf2 67.Ra4 Rf1 68.Re4 Rf2 69.Re8 Ra2 70.g5 fxg5
71.fxg5 Ra5+ 72.Re5 Ra1 73.Re4 Rf1+ 74.Rf4 Ra1 75.Rf3 Ra5+ 76.Kg4 Ra4+ 77.Rf4 Ra1  1/2-1/2

[Event "Zaragoza op-A"]
[Site "Zaragoza"]
[Date "1995.??.??"]
[Round "8"]
[White "San Segundo, Pablo"]
[Black "Langeweg, Kick"]
[Result "1/2-1/2"]
[WhiteElo "2480"]
[BlackElo "2385"]

1.d4 Nf6 2.c4 e6 3.Nf3 b6 4.a3 Ba6 5.Qc2 Bb7 6.Nc3 c5 7.e4 cxd4 8.Nxd4 Nc6
9.Nxc6 Bxc6 10.Bf4 Nh5 11.Be3 Qb8 12.g3 f5 13.Rg1 fxe4 14.Nxe4 Bxe4 15.Qxe4 Nf6
16.Qf3 Bc5 17.Bf4 e5 18.Bg5 O-O 19.O-O-O Qe8 20.Bxf6 Rxf6 21.Qd5+ Kh8 22.Bg2 Rc8
23.Rge1  1/2-1/2

[Event "Donner mem"]
[Site "Amsterdam"]
[Date "1996.??.??"]
[Round "1"]
[White "Van Wely, Loek"]
[Black "Kamsky, Gata"]
[Result "1-0"]
[WhiteElo "2605"]
[BlackElo "2745"]

1.d4 Nf6 2.c4 e6 3.Nf3 b6 4.a3 Ba6 5.Qc2 c5 6.d5 exd5 7.cxd5 g6 8.Nc3 Bg7
9.g3 O-O 10.Bg2 d6 11.O-O Nbd7 12.Re1 Re8 13.h3 b5 14.e4 Rc8 15.Be3 Qc7 16.Bf1 Qb7
17.Bf4 Nh5 18.Bxd6 b4 19.axb4 Bxf1 20.bxc5 Bxh3 21.c6 Qb6 22.cxd7 Bxd7 23.e5 Bg4
24.Kg2 f6 25.Qe4 Bxf3+ 26.Qxf3 fxe5 27.Ne4 Rc4 28.Ba3 Rd8 29.Be7 Rxd5 30.Ng5 Qc6
31.Qf7+ Kh8 32.Ra6 Qa8 33.Rxa7 Qg8 34.Qxg8+  1-0

[Event "Amsterdam VSB"]
[Site "Amsterdam"]
[Date "1996.??.??"]
[Round "1"]
[White "Lautier, Joel"]
[Black "Short, Nigel D"]
[Result "1-0"]
[WhiteElo "2630"]
[BlackElo "2665"]

1.d4 Nf6 2.c4 e6 3.Nf3 b6 4.a3 Bb7 5.Nc3 d5 6.Qc2 a6 7.cxd5 exd5 8.g3 Nbd7
9.Bf4 Be7 10.Bg2 Nf8 11.Ne5 Ne6 12.Qa4+ Kf8 13.Rd1 Nxf4 14.gxf4 g6 15.Qb3 Kg7
16.Bf3 Rf8 17.h4 Rb8 18.h5 c5 19.e3 Qd6 20.Rg1 Qe6 21.hxg6 fxg6 22.Qc2 Kh8
23.Rh1 Kg7 24.Rg1 Kh8 25.dxc5 bxc5 26.Nxd5 Bxd5 27.Bxd5 Nxd5 28.Rxd5 Rf5
29.Rd2 g5 30.Nc6 Rbf8 31.Nxe7 Qxe7 32.Qc3+ Kg8 33.Qc4+ R8f7 34.Rd5 Kf8 35.Rxg5 Rxf4
36.Qxa6 Rxf2 37.Qc8+ Qe8 38.Rg8+  1-0

[Event "Amsterdam VSB"]
[Site "Amsterdam"]
[Date "1996.??.??"]
[Round "3"]
[White "Lautier, Joel"]
[Black "Timman, Jan H"]
[Result "1-0"]
[WhiteElo "2630"]
[BlackElo "2620"]

1.d4 Nf6 2.c4 e6 3.Nf3 b6 4.a3 Ba6 5.Qc2 Bb7 6.Nc3 c5 7.e4 cxd4 8.Nxd4 Nc6
9.Nxc6 Bxc6 10.Bf4 Bc5 11.Be2 O-O 12.O-O-O Ne8 13.Bg3 e5 14.Kb1 Bd4 15.Nb5 Bxb5
16.cxb5 Qe7 17.Rxd4 exd4 18.Rd1 d5 19.exd5 Nd6 20.Bd3 h6 21.Qa4 Qf6 22.Rc1 Nf5
23.Bc7 Nh4 24.f4 Nxg2 25.Be5 Qh4 26.Qxd4 Ne1 27.Qg1 f6 28.Qxe1 Qxe1 29.Rxe1 fxe5
30.fxe5 Kf7 31.h4 g5 32.hxg5 hxg5 33.Bf5 Rad8 34.d6 Kg7 35.Bg4 Rh8 36.Kc2 Rh4
37.Re4 Rxg4 38.Rxg4 Kf7 39.Rxg5 Ke6 40.Kd3 Rh8 41.Ke3 Rh1 42.Rg8  1-0

[Event "Donner mem op"]
[Site "Amsterdam"]
[Date "1996.??.??"]
[Round "3"]
[White "Lobron, Eric"]
[Black "Akesson, Ralf"]
[Result "1/2-1/2"]
[WhiteElo "2585"]
[BlackElo "2500"]

1.d4 Nf6 2.c4 e6 3.Nf3 b6 4.a3 Ba6 5.Qc2 Bb7 6.Nc3 c5 7.e4 cxd4 8.Nxd4 Nc6
9.Nxc6 Bxc6 10.Bf4 Bc5 11.Be2 O-O 12.Rd1 a5 13.O-O Qe7 14.Rfe1 e5 15.Bg5 h6
16.Bh4 g5 17.Bg3 Ne8 18.Bd3 Ng7 19.Kh1 Qf6 20.Qe2 h5 21.h3 d6 22.Rf1 Qg6
23.Bh2 Rae8 24.Bb1 Ne6 25.Nd5 Kh8 26.b4 axb4 27.axb4 Bd4 28.Rd3 Rg8 29.Qd2 b5
30.Rf3 bxc4 31.Nf6 c3 32.Qc1 Nf4 33.Nxe8 Rxe8 34.Re1 Rb8 35.Rxc3 Bxc3 36.Qxc3 Rc8
37.Qd2 Bb7 38.f3 Qf6 39.Rc1 Rxc1+ 40.Qxc1 Ba6 41.Qc6 Bf1 42.Bxf4 exf4 43.Kg1  1/2-1/2

[Event "AUT-chT2O 9697"]
[Site "Austria"]
[Date "1996.??.??"]
[Round "?"]
[White "Koutsin, Sergey"]
[Black "Polak, Tomas"]
[Result "1/2-1/2"]
[WhiteElo "2435"]
[BlackElo "2440"]

1.Nf3 Nf6 2.d4 e6 3.c4 b6 4.a3 Bb7 5.Nc3 d5 6.Bg5 Be7 7.e3 h6 8.Bh4 Ne4 9.Bxe7 Qxe7
10.cxd5 Nxc3 11.bxc3 exd5 12.Qa4+ c6 13.Ne5 O-O 14.Be2 c5 15.O-O c4 16.Bf3 Rc8
17.Qc2 Rc7 18.Rfe1 Nd7 19.Nxd7 Qxd7 20.a4 f5 21.Qb1  1/2-1/2

[Event "AUT-chT9697"]
[Site "Austria"]
[Date "1996.??.??"]
[Round "6"]
[White "Miniboeck, Guenter"]
[Black "Atlas, Valeri"]
[Result "1/2-1/2"]
[WhiteElo "2355"]
[BlackElo "2470"]

1.d4 Nf6 2.c4 e6 3.Nf3 b6 4.a3 Bb7 5.Nc3 g6 6.Bg5 Bg7 7.Qc2 h6 8.Bh4 d6 9.Rd1 Nbd7
10.d5 e5 11.e3 O-O 12.Be2 Qe8 13.Nd2 Nh7 14.f3 f5 15.O-O h5 16.b4 Bh6 17.Bf2 Qf7
18.Nb3 Ndf6 19.c5 Rad8 20.c6 Bc8 21.Nb5 f4 22.e4 g5 23.Nxa7 g4 24.Nxc8 Rxc8
25.Be1 Kh8 26.a4 Rg8 27.a5 bxa5 28.bxa5 Qg6 29.Bh4 Bg5 30.Be1 g3 31.h3 Bh6
32.Rd2 Ng5 33.Bd1 Rb8 34.Qa2 Nfxe4 35.fxe4 Qxe4 36.Qc2 Qe3+ 37.Kh1 f3 38.Bxg3 Rxb3
39.Qxb3 Qxd2 40.Bxf3 e4 41.Be1 Qd3 42.Qxd3 exd3 43.Bc3+ Bg7 44.Bd2 Be5 45.h4 Nxf3
46.Rxf3 Rb8 47.g3 Rb3 48.Kg2 Kg7 49.Kh3 Ra3 50.g4 Kg6 51.g5 Bb2 52.Kg2 Ra2
53.Kf1 Ra1+ 54.Kg2 Ra2 55.Kf1 Ra1+ 56.Kf2 Bd4+ 57.Kg2 Ra3 58.Rh3 Bc5 59.Kf3 Ra2
60.Rh2 Bb4 61.Ke3 Bxa5 62.Kxd3 Ra3+ 63.Kc4 Bxd2 64.Rxd2 Ra4+ 65.Kb5 Rxh4
66.Re2 Rd4 67.Ka6 Rxd5 68.Kb7 Re5 69.Rxe5 dxe5 70.Kxc7 e4 71.Kd6 e3 72.c7 e2
73.c8=Q e1=Q 74.Qg8+ Kf5 75.Qd5+ Kg6 76.Qg8+ Kf5 77.Qd5+ Kg6  1/2-1/2

[Event "AUT-chT9596"]
[Site "?"]
[Date "1996.??.??"]
[Round "?"]
[White "Miniboeck, Guenter"]
[Black "Kostic, V Vladimir"]
[Result "1/2-1/2"]
[WhiteElo "2350"]
[BlackElo "2325"]

1.d4 Nf6 2.c4 e6 3.Nf3 b6 4.a3 Bb7 5.Nc3 d5 6.Bg5 Be7 7.Qa4+ Qd7 8.Qxd7+ Nbxd7
9.Nb5 Kd8 10.cxd5 exd5 11.Bf4 Ne8 12.Rc1 c6 13.Nc3 Bd6 14.Bxd6 Nxd6 15.e3 a5
16.b3 Ke7 17.Bd3 Ba6 18.Bxa6 Rxa6 19.Ke2 Rb8 20.a4 b5 21.axb5 Nxb5 22.Na4 Nc7
23.Nd2 Ne6 24.Rc3 Rb5 25.Rhc1 Kd6 26.h4 f5 27.g3  1/2-1/2

[Event "AUT-chT2S 9596"]
[Site "AUT"]
[Date "1996.??.??"]
[Round "?"]
[White "Petran, Pal"]
[Black "Stohl, Igor"]
[Result "0-1"]
[WhiteElo "2420"]
[BlackElo "2525"]

1.d4 Nf6 2.c4 e6 3.Nf3 b6 4.a3 Bb7 5.Nc3 d5 6.Qc2 Nbd7 7.cxd5 Nxd5 8.Bg5 Qc8
9.Nxd5 exd5 10.g3 c5 11.Bh3 Bd6 12.Bf4 Bxf4 13.gxf4 Qc7 14.Rg1 O-O 15.Qf5 Rfd8
16.Rc1 Qd6 17.Qg5 g6 18.Qh6 Nf8 19.f5 Qf6 20.fxg6 hxg6 21.Qg5 Qxg5 22.Rxg5 f6
23.Rg3 c4 24.Kd2 Bc8 25.Rcg1 Bxh3 26.Rxh3 Rd7 27.Rhg3 Rb7 28.h4 b5 29.Rg4 a5
30.e4 dxe4 31.Rxe4 b4 32.Rc1 Rc7 33.d5 Rac8 34.axb4 axb4 35.Rd4 c3+ 36.bxc3 bxc3+
37.Kc2 Rb7 38.Rb1 Ra7 39.Rf4  0-1

[Event "AUT-chT2S 9596"]
[Site "AUT"]
[Date "1996.??.??"]
[Round "?"]
[White "Singer, Richard"]
[Black "Bodner, Alfred"]
[Result "1-0"]
[WhiteElo "2160"]
[BlackElo "2005"]

1.d4 Nf6 2.c4 e6 3.Nf3 b6 4.a3 Ba6 5.Qa4 Be7 6.Nc3 O-O 7.Bg5 h6 8.Bh4 Nd5
9.cxd5 Bxh4 10.Nxh4 Qxh4 11.g3 Qd8 12.Bg2 exd5 13.Bxd5 c6 14.Bf3 d5 15.O-O Bb7
16.b4 a6 17.Qb3 Qf6 18.Rfd1 Re8 19.a4 b5 20.Kg2 Nd7 21.axb5 axb5 22.Rxa8 Bxa8
23.e4 dxe4 24.Nxe4 Qg6 25.Nc5 Nb6 26.Qb1 Qd6 27.Re1 Rd8 28.Qf5 Nc4 29.Ra1 Qxd4
30.Rd1 Nd2 31.Nb3 Nxb3 32.Rxd4 Nxd4 33.Qc5 Nxf3 34.Kxf3 f5 35.h4 Rf8 36.Kf4 Bb7
37.h5 Ba8 38.Ke5 Rf6 39.Qa7 Rf8 40.Qc5 Rf6 41.Qa7 Rf8 42.f4 Kh7 43.Kd6 Kg8
44.Qa2+ Kh7 45.Ke7 Rb8 46.Qe6 Rb7+ 47.Kd6 Ra7 48.Qxf5+ Kg8 49.Qe6+ Kh7 50.Kc5 Ra3
51.g4 Rc3+ 52.Kb6 Rc4 53.g5 hxg5 54.fxg5 Rxb4 55.Qg6+  1-0

[Event "Balatonalm di op"]
[Site "Balaton"]
[Date "1996.??.??"]
[Round "2"]
[White "Pal, Peter"]
[Black "Eismont, Oleg"]
[Result "0-1"]
[WhiteElo "2285"]
[BlackElo "2460"]

1.d4 Nf6 2.Nf3 e6 3.c4 b6 4.a3 Ba6 5.Qc2 Bb7 6.Nc3 c5 7.e4 cxd4 8.Nxd4 Bc5
9.Nb3 Nc6 10.Bf4 a6 11.Rd1 e5 12.Bg5 Nd4 13.Nxd4 Bxd4 14.Nd5 Bxd5 15.exd5 Rc8
16.Bd3 h6 17.Bxf6 Qxf6 18.O-O O-O 19.Qe2 a5 20.Kh1 Rce8 21.b3 g6 22.f3 Bc5
23.a4 h5 24.Qe1 Kg7 25.Qg3 Qe7 26.Rde1 h4 27.Qh3 f5 28.Re2 Qf6 29.g4 hxg3
30.Qxg3 Rh8 31.Rg2 Rh5 32.Bb1 Reh8 33.Re1 Bd6 34.Qf2 e4 35.f4 Rh4 36.Reg1 R8h6
37.Qxb6 Rxh2+  0-1

[Event "Balatonbereny"]
[Site "Balatonbereny"]
[Date "1996.??.??"]
[Round "11"]
[White "Bacrot, Etienne"]
[Black "Romanishin, Oleg M"]
[Result "1-0"]
[WhiteElo "2425"]
[BlackElo "2590"]

1.d4 Nf6 2.c4 e6 3.Nf3 b6 4.a3 Bb7 5.Nc3 g6 6.Qc2 Bxf3 7.gxf3 Nc6 8.e3 Bg7
9.d5 Na5 10.f4 O-O 11.Bd2 c6 12.dxe6 dxe6 13.Ne2 b5 14.Bb4 Re8 15.Rd1 Qb6
16.c5 Qc7 17.Bc3 Rad8 18.Rxd8 Rxd8 19.Bg2 Nd5 20.Bxg7 Kxg7 21.O-O Qe7 22.Bxd5 Rxd5
23.Qc3+ e5 24.Qxa5 exf4 25.Qc3+ Kg8 26.Nxf4 Rg5+ 27.Kh1 Rxc5 28.Qd3 a5 29.Rd1 b4
30.axb4 axb4 31.Qd8+ Qxd8 32.Rxd8+ Kg7 33.Rd2 g5 34.Ne2 Rc4 35.Kg2 c5 36.b3 Rg4+
37.Kf3 Rh4 38.Rd5 Kg6 39.Rxc5 Rxh2 40.Rc4 h5 41.Kg3 Rh1 42.Rxb4 h4+ 43.Kg2 Rb1
44.Rb6+ Kh5 45.Rb5 Rb2 46.Nf4+ Kg4 47.Nd3 h3+ 48.Kh2 Re2 49.Ne5+ Kh5 50.Kxh3  1-0

[Event "Regionalliga SW9596"]
[Site "Bayern"]
[Date "1996.??.??"]
[Round "?"]
[White "Stoppa, Detlef"]
[Black "Wolf, Thomas"]
[Result "1/2-1/2"]
[WhiteElo "1865"]
[BlackElo "2080"]

1.d4 Nf6 2.c4 e6 3.Nf3 b6 4.a3 Bb7 5.Nc3 d5 6.Bg5 h6 7.Bxf6 Qxf6 8.cxd5 exd5
9.e3 c6 10.Bd3 Nd7 11.O-O Be7 12.Qe2 O-O 13.Rac1 Rfe8 14.Rfd1 Bd6 15.Ba6 Rab8
16.Bxb7 Rxb7 17.Rc2 b5 18.Na2 a5 19.Rdc1 Nb8 20.Qd2 b4 21.axb4 axb4 22.b3 Qd8
23.Rb1 Qb6 24.Nc1 Na6 25.Nd3 f6 26.Rbc1 Rc8 27.Nc5 Ra7 28.Na4 Qb5 29.Ne1 Nb8
30.Nd3 Rcc7 31.Ra2 Na6 32.Rca1 Qb8 33.g3 Kf7 34.Nac5 Nxc5 35.dxc5 Rxa2 36.Rxa2 Be7
37.Ra4 Rb7 38.Rxb4 Rxb4 39.Qxb4 Qxb4 40.Nxb4 Bxc5 41.Nxc6 Ke6 42.Kg2 Kd6
43.Nd4 Ke5 44.Nc2 f5 45.f3 g5  1/2-1/2

[Event "Regionalliga NW9596"]
[Site "Bayern"]
[Date "1996.??.??"]
[Round "?"]
[White "Gehlert, Klaus"]
[Black "Seuffert, Gabriel"]
[Result "1/2-1/2"]
[WhiteElo "2100"]
[BlackElo "2085"]

1.d4 Nf6 2.Nf3 b6 3.c4 e6 4.a3 Ba6 5.Qc2 Bb7 6.Nc3 c5 7.e4 cxd4 8.Nxd4 Bc5
9.Nb3 Nc6 10.Bf4 Be7 11.Be2 e5 12.Be3 d6 13.O-O a6 14.Rfd1 Nb8 15.f3 Qc7
16.Bf1 Nbd7 17.Qf2 O-O 18.Rac1 Rfc8 19.g3 Rab8 20.Nd2 Re8 21.b4 Bc6 22.Ndb1 Rec8
23.Nd5 Bxd5 24.cxd5 Qb7 25.Be2 b5 26.Nd2 Rxc1 27.Rxc1 Rc8 28.Qf1 Rc7 29.Nb3 Qc8
30.Na5 Rxc1 31.Qxc1 Qxc1+ 32.Bxc1 Nb8 33.Be3 Bd8 34.Nb7 Bc7 35.Bd1 Nfd7 36.Kf1 Kf8
37.a4 bxa4 38.Bxa4 Ke7 39.Ke2 Nb6 40.Bb3 N6d7 41.Bc4 f6 42.Kd1 Bb6 43.Bc1 Bg1
44.Ke2 Nb6 45.Bd3 Nc8 46.Na5  1/2-1/2

[Event "Beersheba"]
[Site "Beersheba"]
[Date "1996.??.??"]
[Round "10"]
[White "Greenfeld, Alon"]
[Black "Tunik, Gennady"]
[Result "1-0"]
[WhiteElo "2560"]
[BlackElo "2475"]

1.d4 Nf6 2.Nf3 e6 3.c4 b6 4.a3 Ba6 5.Qc2 Bb7 6.Nc3 c5 7.e4 cxd4 8.Nxd4 Nc6
9.Nxc6 Bxc6 10.Bf4 Bc5 11.Be2 O-O 12.O-O-O Ne8 13.Kb1 f6 14.Bg3 e5 15.f4 Bd4
16.Nb5 Bxb5 17.cxb5 Rc8 18.Qa4 Nc7 19.Rc1 Ne6 20.fxe5 Rxc1+ 21.Rxc1 fxe5
22.Bc4 Kh8 23.Bxe6 dxe6 24.Qxa7 h5 25.Qc7 Qf6 26.Ka2 Kh7 27.Rc2 Qg5 28.Qc4 Rf6
29.Qe2 Qg6 30.Rc6 h4 31.Bxh4 Rf4 32.Bg3 Rxe4 33.Qc2 Qf5 34.Rc4 Kh6 35.Qd3 Qg4
36.Bxe5 Rxe5 37.Qxd4 Qe2 38.Qf4+ Kg6 39.Qg4+ Qxg4 40.Rxg4+ Kf6 41.a4 Rd5
42.Rc4 e5 43.Rc6+ Kf5 44.Rxb6 e4 45.Rb8 e3 46.b6  1-0

[Event "Lee Cup"]
[Site "Beijing"]
[Date "1996.??.??"]
[Round "1"]
[White "Greenfeld, Alon"]
[Black "Yu Shaoteng"]
[Result "1-0"]
[WhiteElo "2555"]
[BlackElo "2385"]

1.d4 e6 2.c4 Nf6 3.Nf3 b6 4.a3 Ba6 5.Qc2 Bb7 6.Nc3 c5 7.e4 cxd4 8.Nxd4 Nc6
9.Nxc6 Bxc6 10.Bf4 Bc5 11.Be2 O-O 12.O-O-O Rc8 13.Kb1 a5 14.Bg3 Ne8 15.Rhe1 Qe7
16.Bd3 f6 17.f4 Kh8 18.Bf2 d6 19.g4 e5 20.Rf1 Nc7 21.Nd5 Bxd5 22.Bxc5 Bxc4
23.Bxd6 Qxd6 24.Bxc4 Qc5 25.Qd3 exf4 26.Rxf4 b5 27.Ba2 b4 28.Rf5 Qb6 29.Rh5 h6
30.axb4 axb4 31.Qh3 Ne6 32.e5 Ng5 33.Qg3 Qc7 34.Bb3 fxe5 35.Rxg5 Qa7 36.Rf5 Rxf5
37.gxf5 Ra8 38.Qxe5 Qa1+ 39.Kc2 Rc8+ 40.Kd2 Qa7 41.Ke2 Qa6+ 42.Kf2  1-0

[Event "Belgrade"]
[Site "Belgrade"]
[Date "1996.??.??"]
[Round "3"]
[White "Bareev, Evgeny"]
[Black "Karpov, Anatoly"]
[Result "1-0"]
[WhiteElo "2645"]
[BlackElo "2770"]

1.d4 Nf6 2.c4 e6 3.Nf3 b6 4.a3 Bb7 5.Nc3 d5 6.cxd5 Nxd5 7.Qc2 Nxc3 8.Qxc3 Nd7
9.Bg5 Be7 10.Bxe7 Kxe7 11.g3 Nf6 12.Bg2 Qd6 13.b4 Rad8 14.O-O Bxf3 15.Bxf3 Qxd4
16.Qxc7+ Rd7 17.Qc2 Qe5 18.Rac1 Rhd8 19.Bc6 Rd2 20.Qa4 a5 21.Bf3 g5 22.Rc6 R8d6
23.Rxd6 Rxd6 24.bxa5 bxa5 25.Qc2 h6 26.Rc1 Rd4 27.e3 Rd6 28.h3 Nd7 29.Bc6 Nb8
30.Ba4 Nd7 31.Qc8 Qe4 32.Bxd7 Rxd7 33.Rc7 Rxc7 34.Qxc7+ Kf6 35.Qxa5 Qb1+
36.Kh2 Qc2 37.Qe1 Qa2 38.Qc3+ e5 39.Kg2 Qd5+ 40.e4 Qa2 41.Qc5 Kg6 42.Qd6+ Kh7
43.Qd5  1-0

[Event "Benasque op"]
[Site "Benasque"]
[Date "1996.??.??"]
[Round "2"]
[White "Herreros Fernandez, Miguel"]
[Black "Campora, Daniel H"]
[Result "0-1"]
[WhiteElo "2200"]
[BlackElo "2545"]

1.d4 Nf6 2.Nf3 e6 3.c4 b6 4.a3 Ba6 5.Qa4 c5 6.Nc3 cxd4 7.Nxd4 Bc5 8.e3 Bb7
9.Be2 O-O 10.Bf3 d5 11.cxd5 Nxd5 12.Nxd5 Bxd5 13.Bxd5 Qxd5 14.Nf3 Rd8 15.O-O Nd7
16.e4 Qh5 17.Bg5 f6 18.Bf4 e5 19.Rad1 Qf7 20.Bc1 Nf8 21.b4 Bd4 22.Nxd4 exd4
23.Rd3 Qc4 24.Qd1 a5 25.bxa5 Rxa5 26.Qb3 b5 27.Bd2 Ra4 28.Rc1 Qxb3 29.Rxb3 Ne6
30.f3 d3 31.Rcc3 Nd4 32.Rxd3 Raa8 33.Rxd4 Rxd4 34.Be3 Rc4 35.Kf2 Rc2+ 36.Kg3 h5
37.h4 b4 38.axb4 Raa2 39.b5 Rxg2+ 40.Kf4 Kf7 41.b6 Rab2 42.Rd3 Ke6  0-1

[Event "Benasque op"]
[Site "Benasque"]
[Date "1996.??.??"]
[Round "2"]
[White "Komarov, Dimitri"]
[Black "Puertolas Serena, Arturo"]
[Result "1-0"]
[WhiteElo "2595"]
[BlackElo "2225"]

1.d4 Nf6 2.Nf3 e6 3.c4 b6 4.a3 Bb7 5.Nc3 d5 6.cxd5 exd5 7.g3 Be7 8.Qa4+ Nbd7
9.Bg2 O-O 10.Bf4 a6 11.Ne5 b5 12.Qc2 Nb6 13.O-O Rc8 14.Bh3 Ra8 15.Rfd1 Nc4
16.Nxc4 bxc4 17.Rac1 Bd6 18.Bg5 h6 19.Bxf6 Qxf6 20.Bg2 c6 21.e4 Qe6 22.Re1 Qd7
23.exd5 cxd5 24.Bxd5 Rac8 25.Qe4 Rfe8 26.Qf3 Bxd5 27.Qxd5 Red8 28.Rc2 Qg4
29.Qe4 Qxe4 30.Rxe4 f5 31.Re6 Kf7 32.d5 Rd7 33.Kg2 Re8 34.Rxe8 Kxe8 35.Nd1 f4
36.Rxc4 fxg3 37.hxg3 Be5 38.Re4 Re7 39.b4 Kd7 40.Ne3 Bb2 41.Rxe7+ Kxe7 42.Nc4 Bd4
43.a4 Kd7 44.b5  1-0

[Event "Benasque op"]
[Site "Benasque"]
[Date "1996.??.??"]
[Round "9"]
[White "Timoshchenko, Gennadi A"]
[Black "Langeweg, Kick"]
[Result "1-0"]
[WhiteElo "2530"]
[BlackElo "2375"]

1.d4 Nf6 2.c4 e6 3.Nf3 b6 4.a3 Bb7 5.Nc3 d5 6.Qc2 Be7 7.cxd5 Nxd5 8.Bd2 O-O
9.e4 Nxc3 10.Bxc3 Nd7 11.Rd1 c5 12.dxc5 Qc7 13.cxb6 axb6 14.Bb5 Nc5 15.Be5 Qc8
16.O-O Bxe4 17.Qc3 f6 18.Bg3 Bd5 19.Rfe1 Qb7 20.b4 Na4 21.Qe3 Rfc8 22.Rc1 Nb2
23.Qd4 Na4 24.Qd2 Rxc1 25.Rxc1 e5 26.Rc7  1-0